000 00704nam a2200229Ia 4500
001 2184
005 20240113233531.0
007 ta
008 050221s1921 a g b000 u eng u
040 _aRef. stack
041 _aeng
082 _a930.1905
_bGOI
110 _aGovernment of India .
245 0 _aAnnual progress report of the superintendent archeolohical survey of India Northern circle, for the year ending march 31st 1920 /
_cGovernment of India.
_hReports
250 _a1st ed /
260 _aAllahabad :
_bGovernment press ,
_c1921.
300 _a26.p :
_bill ;
_c32cm .
653 _aReport - archeological survey - India
942 _2ddc
_cBK
999 _c2177
_d2177